000 00574nam a2200181 i 4500
001 140813
003 ES-MaACL
005 20240516063053.0
007 t|
008 070917s1921 sp ||||1| spa d
100 0 _aWells, H. G.,
_d1866-1946
_9116458
245 1 3 _aEl salvamento de la civilización /
_cH. G. Wells ; versión española de Ricardo Baeza.
260 _aMadrid :
_b[s.n.],
_c1921 (
_fTip. Renovación)
300 _a236 p. ;
_c20 cm.
700 1 _aBaeza, Ricardo,
_d1890-1956
_924620
852 _aES-MaACL
_jF-4088
999 _c140813
_d140813